<?xml version="1.0" encoding="UTF-8"?>
<marc:record xmlns:marc="http://www.loc.gov/MARC21/slim">
   <marc:leader>00000nam a2200000 a 4500</marc:leader>
   <marc:datafield ind1="1" ind2=" " tag="100">
      <marc:subfield code="a">Cole, Terri</marc:subfield>
      <marc:subfield code="4">aut</marc:subfield>
      <marc:subfield code="e">Verfasser/-in</marc:subfield>
   </marc:datafield>
   <marc:datafield ind1="1" ind2=" " tag="100">
      <marc:subfield code="a">Engelhardt, Susanne</marc:subfield>
      <marc:subfield code="4">trl</marc:subfield>
      <marc:subfield code="e">Übersetzer/-in</marc:subfield>
   </marc:datafield>
   <marc:datafield ind1=" " ind2=" " tag="653">
      <marc:subfield code="a">Softcover / Ratgeber/Lebenshilfe</marc:subfield>
   </marc:datafield>
   <marc:datafield ind1=" " ind2=" " tag="653">
      <marc:subfield code="a">Alltag/Lebensführung</marc:subfield>
   </marc:datafield>
   <marc:datafield ind1=" " ind2=" " tag="653">
      <marc:subfield code="a">Persönliche Entwicklung</marc:subfield>
   </marc:datafield>
   <marc:datafield ind1=" " ind2=" " tag="653">
      <marc:subfield code="a">Co-Abhängigkeit überwinden lernen</marc:subfield>
   </marc:datafield>
   <marc:datafield ind1=" " ind2=" " tag="653">
      <marc:subfield code="a">emotionale Balance</marc:subfield>
   </marc:datafield>
   <marc:datafield ind1=" " ind2=" " tag="653">
      <marc:subfield code="a">Überlastung</marc:subfield>
   </marc:datafield>
   <marc:datafield ind1=" " ind2=" " tag="653">
      <marc:subfield code="a">Selbstfürsorge lernen</marc:subfield>
   </marc:datafield>
   <marc:datafield ind1=" " ind2=" " tag="653">
      <marc:subfield code="a">Selbstaufopferung</marc:subfield>
   </marc:datafield>
   <marc:datafield ind1=" " ind2=" " tag="653">
      <marc:subfield code="a">Selbstverleugnung</marc:subfield>
   </marc:datafield>
   <marc:datafield ind1=" " ind2=" " tag="653">
      <marc:subfield code="a">Selbstwert stärken</marc:subfield>
   </marc:datafield>
   <marc:datafield ind1=" " ind2=" " tag="653">
      <marc:subfield code="a">Nein sagen lernen</marc:subfield>
   </marc:datafield>
   <marc:datafield ind1=" " ind2=" " tag="653">
      <marc:subfield code="a">Empowerment für Frauen</marc:subfield>
   </marc:datafield>
   <marc:datafield ind1=" " ind2=" " tag="653">
      <marc:subfield code="a">Resilienz</marc:subfield>
   </marc:datafield>
   <marc:datafield ind1=" " ind2=" " tag="653">
      <marc:subfield code="a">mentale Gesundheit</marc:subfield>
   </marc:datafield>
   <marc:datafield ind1=" " ind2=" " tag="653">
      <marc:subfield code="a">emotionale Intelligenz</marc:subfield>
   </marc:datafield>
   <marc:datafield ind1=" " ind2=" " tag="653">
      <marc:subfield code="a">gesunde Grenzen setzen</marc:subfield>
   </marc:datafield>
   <marc:datafield ind1=" " ind2=" " tag="653">
      <marc:subfield code="a">gesunde Beziehungen aufbauen</marc:subfield>
   </marc:datafield>
   <marc:datafield ind1=" " ind2=" " tag="653">
      <marc:subfield code="a">Burnout Prävention Strategien</marc:subfield>
   </marc:datafield>
   <marc:datafield ind1=" " ind2=" " tag="653">
      <marc:subfield code="a">Selbstbehauptung</marc:subfield>
   </marc:datafield>
   <marc:datafield ind1=" " ind2=" " tag="653">
      <marc:subfield code="a">Beziehungsmuster durchbrechen</marc:subfield>
   </marc:datafield>
   <marc:datafield ind1=" " ind2=" " tag="653">
      <marc:subfield code="a">persönliches Wachstum</marc:subfield>
   </marc:datafield>
   <marc:datafield ind1=" " ind2=" " tag="653">
      <marc:subfield code="a">Beziehungsprobleme lösen</marc:subfield>
   </marc:datafield>
   <marc:datafield ind1=" " ind2=" " tag="653">
      <marc:subfield code="a">Anleitung Selbstfürsorge</marc:subfield>
   </marc:datafield>
   <marc:datafield ind1=" " ind2=" " tag="653">
      <marc:subfield code="a">emotionale Abhängigkeit überwinden</marc:subfield>
   </marc:datafield>
   <marc:datafield ind1=" " ind2=" " tag="653">
      <marc:subfield code="a">toxische Verhaltensmuster erkennen</marc:subfield>
   </marc:datafield>
   <marc:datafield ind1=" " ind2=" " tag="653">
      <marc:subfield code="a">Selbstliebe Übungen</marc:subfield>
   </marc:datafield>
   <marc:datafield ind1=" " ind2=" " tag="653">
      <marc:subfield code="a">Beziehungscoaching</marc:subfield>
   </marc:datafield>
   <marc:datafield ind1=" " ind2=" " tag="653">
      <marc:subfield code="a">Geschenk zum Weltfrauentag</marc:subfield>
   </marc:datafield>
   <marc:datafield ind1=" " ind2=" " tag="653">
      <marc:subfield code="a">Urlaubslektüre Sommer</marc:subfield>
   </marc:datafield>
   <marc:datafield ind1=" " ind2=" " tag="653">
      <marc:subfield code="a">Weihnachtsgeschenk Mama</marc:subfield>
   </marc:datafield>
   <marc:datafield ind1=" " ind2=" " tag="653">
      <marc:subfield code="a">TikTok Selfcare Sunday</marc:subfield>
   </marc:datafield>
   <marc:datafield ind1=" " ind2=" " tag="653">
      <marc:subfield code="a">New Year New Me</marc:subfield>
   </marc:datafield>
   <marc:datafield ind1=" " ind2=" " tag="653">
      <marc:subfield code="a">Beste Freundin Geschenkidee</marc:subfield>
   </marc:datafield>
   <marc:datafield ind1=" " ind2=" " tag="653">
      <marc:subfield code="a">Meditation Retreat Begleiter</marc:subfield>
   </marc:datafield>
   <marc:datafield ind1=" " ind2=" " tag="653">
      <marc:subfield code="a">Instagram Wellness Journey</marc:subfield>
   </marc:datafield>
   <marc:datafield ind1=" " ind2=" " tag="653">
      <marc:subfield code="a">Coaching für Berufstätige</marc:subfield>
   </marc:datafield>
   <marc:datafield ind1=" " ind2=" " tag="653">
      <marc:subfield code="a">Achtsamkeit im Advent</marc:subfield>
   </marc:datafield>
   <marc:datafield ind1=" " ind2=" " tag="653">
      <marc:subfield code="a">Ratgeber</marc:subfield>
   </marc:datafield>
   <marc:datafield ind1="0" ind2="0" tag="245">
      <marc:subfield code="a">Too much!</marc:subfield>
   </marc:datafield>
   <marc:datafield ind1="0" ind2="0" tag="245">
      <marc:subfield code="b">für alle, die zu viel geben, tun, machen, denken, fühlen! : den Überlastungskreislauf durchbrechen und das Leben neu entdecken</marc:subfield>
   </marc:datafield>
   <marc:datafield ind1="0" ind2="0" tag="245">
      <marc:subfield code="c">Terri Cole ; aus dem Englischen von Susanne Engelhardt</marc:subfield>
   </marc:datafield>
   <marc:datafield ind1=" " ind2="1" tag="264">
      <marc:subfield code="a">Unterammergau</marc:subfield>
      <marc:subfield code="b">Mankau</marc:subfield>
   </marc:datafield>
   <marc:datafield ind1=" " ind2=" " tag="250">
      <marc:subfield code="a">1. Auflage</marc:subfield>
   </marc:datafield>
   <marc:datafield ind1="1" ind2=" " tag="520">
      <marc:subfield code="a">Wie du aufhörst, ZU VIEL zu geben, und endlich anfängst zu leben

Ohne dich bricht alles zusammen? Du bist immer für andere da und würdest gern all ihre Probleme lösen? Du bist dauernd am Beraten, Managen, Unterstützen und Erledigen? Dann zählst du zu den „hochfunktionalen“ Menschen, die sich stets kümmern, sich für alles und alle verantwortlich fühlen … und sich im übermäßigen Geben allmählich selbst verlieren, bis sie am Ende ihrer Kräfte sind.

Finde jetzt den Weg „vom Zuviel zum Richtig“ und komme zu dir selbst zurück! Die bekannte Psychotherapeutin Terri Cole – einst selbst Königin des „Zuviels“ und Entdeckerin der „hochfunktionalen Co-Abhängigkeit“ (HFC) – begleitet dich auf ihre erfrischende und liebevolle Art zu einem ausgewogenen Leben und gesunden, glücklichen Beziehungen!

„Too Much!“ schenkt dir …

- Einblicke in die Ursprünge überfunktionalen Verhaltens – und warum du dir und anderen damit nur bedingt einen echten Gefallen tust

- Verständnis für deine Anziehungskraft gegenüber Narzissten

- Praktische Übungen zur Selbsterkenntnis und Verhaltensänderung

- Zuverlässige Strategien für emotionale Abgrenzung, Resilienz und authentische Selbstfürsorge

- Einsichten, die dir helfen, loszulassen und den Menschen in deinem Umfeld ihre Verantwortung zurückzugeben

Lebe dein eigenes Leben! Dann kehren auch Kraft, Freiheit und Lebensfreude zurück.

„TOO MUCH! zeigt, wie der tief sitzende Drang, anderen zu helfen und sie zu heilen, uns von unserem wahren Selbst entfernen kann. Ein Buch, das uns verwandelt und einen Weg aufzeigt, wie wir Power und emotionale Integrität wiedererlangen.“

Dr. Shefali Tsabary, New-York-Times-Bestsellerautorin von „The Conscious Parent“ und „The Parenting Map“

„Dieses Buch ist meine Bibel! Als jemand, der all die Nuancen und Feinheiten der hochfunktionalen Co-Abhängigkeit nicht kannte, habe ich den Eindruck, dass dieses Buch mich überaus liebevoll darauf hingewiesen hat. Terris Einsichten sind nicht nur nachvollziehbar und anrührend, sie nähert sich dem Thema auch ganz ungezwungen. Nach der Lektüre werde ich nicht mehr die Gleiche sein, und ich lege das Buch jeder modernen Frau ans Herz.“

Krista Williams, Moderatorin des „Almost 30“-Podcasts

„TOO MUCH! ist eine hilfreiche Anleitung für jeden, dem es auch schon passiert ist, ‚zu viel‘ zu tun, und das auf Kosten des eigenen Wohlergehens. Wer nach einem Buch sucht, das auf psychologischen Erkenntnissen beruht und reelle, umsetzbare Anweisungen bietet, der wird hier fündig. Die Power hinter diesem Buch wird einem helfen, sich in sein besseres Ich zu verwandeln, ein gesünderes Leben zu führen und ausgewogene Beziehungen zu haben, die unsere EIGENEN Bedürfnisse achten. TOO MUCH! muss man gelesen haben.“

Christine Gutierrez, Autorin von „I Am Diosa“
</marc:subfield>
   </marc:datafield>
   <marc:datafield ind1=" " ind2=" " tag="020">
      <marc:subfield code="a">9783863747671</marc:subfield>
      <marc:subfield code="9">9783863747671</marc:subfield>
   </marc:datafield>
   <marc:datafield ind1=" " ind2=" " tag="020">
      <marc:subfield code="a">3863747674</marc:subfield>
      <marc:subfield code="9">3863747674</marc:subfield>
   </marc:datafield>
   <marc:datafield ind1=" " ind2=" " tag="041">
      <marc:subfield code="a">ger</marc:subfield>
   </marc:datafield>
   <marc:datafield ind1=" " ind2=" " tag="300">
      <marc:subfield code="a">270 Seiten</marc:subfield>
   </marc:datafield>
</marc:record>
